000 01050nam a2200325Ia 4500
003 OSt
005 20221007124942.0
006 a|||||r|||| 00| 0
007 ta
008 221006b |||||||| |||| 00| 0 eng d
020 _a9780124166875 (pbk)
024 _a201057
037 _b11736, 19/12/2019, Ahuja Book Co. (P) Ltd.
_cTextual
040 _aCDL
_cCDL
_beng
041 _2eng
_aeng
082 _aE9G:(L), Q5 Carc
100 _aBhagavan NV
_9721119
245 0 _aEssentials medical biochemistry: With clinical case
_b Ha Chung-Eun
250 _a2
260 _aWaltham
_bAcademic Press
_c2015
300 _axix, 732p. ill.
_ccm.
500 _aIndex 715-732p.
650 _a Biochemistry of hemostasis
_9721120
650 _a Mineral metabolism
_9721121
650 _a Vitamin metabolism
_9721122
650 _aChemistry
700 _a Ha Chung-Eun
_9467067
942 _hE9G:(L), Q5 Carc
_cTEXL
_2CC
999 _c1214431
_d1214431